| 000 | 01488nam a2200229 a 4500 | ||
|---|---|---|---|
| 005 | 20240911063929.0 | ||
| 008 | 991125n198 [me 000 0 spa u | ||
| 035 | _aUPN01000052623 | ||
| 049 | _aAV | ||
| 099 | _aPVI Z 0502 | ||
| 245 | 0 | 4 |
_aLos libros tienen la palabra, 2 : _bSalas infantiles de bibliotecas públicas. |
| 260 |
_a[México] : _bUTEC, _c[198-]. |
||
| 300 |
_a1 videocasete (VHS) (30 min.) : _bson., col. |
||
| 520 | _aLa Directora de salas infantiles de la SEP nos habla de la importante tarea de enseñar al niño a usar la biblioteca, pues además de brindarle información para realizar sus trabajos escolares, le ofrece lecturas recreativas y la posibilidad de elegir entre el material existente lo que él desea leer. Cuando el niño aprende cómo funciona la biblioteca, se le facilita la búsqueda de información y la investigación para elaborar sus tareas. En la sección el escritor y su mundo habla de Juan de la Cabada y sus obras, presenta un fragmento de su cuento "Miguel" y una entrevista con el escritor. Incluye algunas escenas en blanco y negro | ||
| 501 | _aCon: Primeras manifestaciones gráficas realizadas por el hombre -- Librerías de viejo -- La Biblioteca de México | ||
| 600 | 1 | 4 |
_aCABADA, JUAN DE LA, _d1903-1986 |
| 650 | 4 |
_aBibliotecas públicas _zMéxico _93056 |
|
| 650 | 4 |
_aLibros y lectura para niños _92290 |
|
| 650 | 4 |
_aLiteratura mexicana _94466 |
|
| 740 | 0 | _aSalas infantiles de bibliotecas públicas | |
| 905 | _aAudiovisuales | ||
| 999 |
_c52623 _d52623 |
||